Pragmatics

First published 1996; Includes bibliographical references (p. 117-126) and index; NV Ngữ dụng học

Wedi'i Gadw mewn:
Manylion Llyfryddiaeth
Prif Awdur: Yule, George
Fformat: Llyfr
Iaith:Undetermined
Cyhoeddwyd: Oxford Oxford University 2011
Pynciau:
Mynediad Ar-lein:http://lrc.tdmu.edu.vn/opac/search/detail.asp?aID=2&ID=25270
Tagiau: Ychwanegu Tag
Dim Tagiau, Byddwch y cyntaf i dagio'r cofnod hwn!
Thư viện lưu trữ: Trung tâm Học liệu Trường Đại học Thủ Dầu Một
LEADER 00675nam a2200205Ia 4500
001 TDMU_25270
008 210410s9999 xx 000 0 und d
082 |a 306.44 
090 |b Y611 
100 |a Yule, George 
245 0 |a Pragmatics 
245 0 |c George Yule 
260 |a Oxford 
260 |b Oxford University 
260 |c 2011 
300 |a xiv, 138 p. 
520 |a First published 1996; Includes bibliographical references (p. 117-126) and index; NV Ngữ dụng học 
650 |a Pragmatics; Ngữ dụng học 
856 |u http://lrc.tdmu.edu.vn/opac/search/detail.asp?aID=2&ID=25270 
980 |a Trung tâm Học liệu Trường Đại học Thủ Dầu Một